The USA, Canada and The Quaid-i-Azam Muhammad ali Jinnah (Record no. 351381)

000 -LEADER
fixed length control field 00595nam a22001457a 4500
020 ## - INTERNATIONAL STANDARD BOOK NUMBER
International Standard Book Number 9789695623909
082 ## - DEWEY DECIMAL CLASSIFICATION NUMBER
Classification number 923.15491
100 ## - MAIN ENTRY--PERSONAL NAME
Personal name Dr. Nadeem Shafiq malik (Ed)
245 ## - TITLE STATEMENT
Title The USA, Canada and The Quaid-i-Azam Muhammad ali Jinnah
260 ## - PUBLICATION, DISTRIBUTION, ETC.
Place of publication, distribution, etc. Lahore
Name of publisher, distributor, etc. Fiction
Date of publication, distribution, etc. 2015
300 ## - PHYSICAL DESCRIPTION
Extent 187p
942 ## - ADDED ENTRY ELEMENTS (KOHA)
Koha item type Book
Holdings
Withdrawn status Lost status Source of classification or shelving scheme Damaged status Not for loan Permanent Location Current Location Shelving location Date acquired Total Checkouts Full call number Barcode Date last seen Date last checked out Price effective from Koha item type
          Central Library (CL) Central Library (CL) General Stacks 05/05/2016 1 928.914391 MAL NBSD-2455 11/23/2017 08/29/2017 05/05/2016 Book
          Central Library (CL) Central Library (CL) General Stacks 05/05/2016 1 928.914391 MAL 2015 NBSD-2456 11/23/2017 08/29/2017 05/05/2016 Book
© 2023 Central Library, National University of Sciences and Technology. All Rights Reserved.